Countries that contain Z - Statistics

General Stats
  • This quiz has been taken 33 times
  • The average score is 10 of 15
Answer Stats
Answer % Correct
Zambia
100%
Zimbabwe
100%
New Zealand
83%
Kazakhstan
73%
Uzbekistan
70%
Azerbaijan
67%
Mozambique
67%
Venezuela
67%
Czechia
63%
Kyrgyzstan
60%
Switzerland
60%
Bosnia and Herzegovina
53%
Brazil
53%
Tanzania
53%
Belize
50%
No matching quizzes found
Score Distribution
Percent of People with Each Score
Percentile by Number Answered
Your Score History
You have not taken this quiz